00425nam a22001452 4500001001100000005001700011008004100028040001500069245009600084250001300180260003100193300001700224650003500241852000300276000001205420151217155849.0090127s xx 000 0 eng d aKABUcKABU10aAfrican education :ba study of educational policy and practice in British Tropical Africa. a 1st ed. aOxford :bO. U. P.,c1953. axii, 187 p. 0aEducationzAfrica.@00001674781